000
00263nam a2200109Ia 4500
008
220204s9999 xx 000 0 und d
082
_a
82-3HAR
_b
HAR
100
_a
Hardy, Thomas
245
0
_a
Thomas Hardy omnibus
260
_a
London
_b
Macmillan
_c
1976
942
_c
BK
999
_c
34988
_d
34988